Statistics for ocean eyes - Billie Eilish (All Lyrics)

Click here to take the quiz!

General Stats

  • This quiz has been taken 1,232 times
  • The average score is 171 of 202

Answer Stats

ocean eyes% Correct
eyes
99%
ocean
99%
You
99%
you
99%
Those
97%
those
97%
a
96%
me
93%
for
92%
Verse 1 | Verse 2I've
92%
been
91%
Can't
90%
some
90%
time
90%
cry
89%
make
89%
stop
89%
When
89%
Your
89%
your
89%
at
88%
to
88%
watchin'
88%
give
87%
starin'
87%
know
86%
how
84%
and
83%
And
83%
I'm
83%
really
83%
ChorusNo
82%
scared
80%
fair
78%
never
77%
fallen
76%
Fallin'
76%
into
75%
skies
75%
this
75%
cities
74%
Burning
73%
quite
72%
diamond
70%
from
70%
high
70%
thinkin'
67%
inside
65%
mind
65%
napalm
64%
with
64%
Fifteen
63%
of
63%
He
61%
flares
58%
world
58%
friends
56%
left
56%
gone
55%
made
55%
walkin'
55%
blind
54%
her
54%
through
54%
Careful
53%
lonely
53%
creature
52%

Score Distribution

Percentile by Number Answered

Percent of People with Each Score

Your Score History

You have not taken this quiz